000 00207nam a2200109Ia 4500
100 _aMANDELA/NELSON
942 _cBK
245 _aLONG WALK TO FREEDOM.
260 _b#N/A
546 _aENGLISH
999 _c25841
_d25841